Normal view
MARC view
- Lin, Yi-Bing ,Chlamtac, Imrich
Entry Personal Name
001 - CONTROL NUMBER
- control field: 56384
003 - CONTROL NUMBER IDENTIFIER
- control field: NUST
005 - DATE AND TIME OF LATEST TRANSACTION
- control field: 20210628201708.0
008 - FIXED-LENGTH DATA ELEMENTS
- fixed length control field: 210628|| aca||aabn | a|a d
040 ## - CATALOGING SOURCE
- Original cataloging agency: NUST
- Transcribing agency: NUST
100 ## - HEADING--PERSONAL NAME
- Personal name: Lin, Yi-Bing ,Chlamtac, Imrich
670 ## - SOURCE DATA FOUND
- Source citation: Work cat.: (NUST): Lin, Yi-Bing ,Chlamtac, Imrich, Wireless and mobile network architectures, 2001
